Southville International School and Colleges
Your cart is empty.
  • Cart
  • Lists
    Public lists Eva Luna New books Lux_list list_1
    Your lists Log in to create your own lists
  • Log in to your account
  • Your cookies
  • Search history
Southville International School and Colleges
  • Advanced search
  • Recent comments
  • Most popular
  • Libraries

Log in to your account

Log in with GOOGLE


If you do not have an external account, but do have a local account, you can still log in:

  1. Home
  2. MARC view: At the crossing-places /
Normal view MARC view ISBD view

At the crossing-places / (Record no. 33601)

[ view plain ]
MARC details
000 -LEADER
fixed length control field 01471cam a2200433 a 4500
001 - CONTROL NUMBER
control field 12694924
003 - CONTROL NUMBER IDENTIFIER
control field OSt
005 - DATE AND TIME OF LATEST TRANSACTION
control field 20140310184321.0
008 - FIXED-LENGTH DATA ELEMENTS--GENERAL INFORMATION
fixed length control field 020307s2002 nyu j 000 1 eng
010 ## - LIBRARY OF CONGRESS CONTROL NUMBER
LC control number 2002003264
020 ## - INTERNATIONAL STANDARD BOOK NUMBER
International Standard Book Number 0439265983
020 ## - INTERNATIONAL STANDARD BOOK NUMBER
International Standard Book Number 0439265991
040 ## - CATALOGING SOURCE
Original cataloging agency DLC
Transcribing agency DLC
Modifying agency DLC
042 ## - AUTHENTICATION CODE
Authentication code lcac
050 00 - LIBRARY OF CONGRESS CALL NUMBER
Classification number PZ 7
Item number .H734 2004
100 1# - MAIN ENTRY--PERSONAL NAME
Personal name Crossley-Holland, Kevin.
245 10 - TITLE STATEMENT
Title At the crossing-places /
Statement of responsibility, etc Kevin Crossley-Holland.
250 ## - EDITION STATEMENT
Edition statement 1st American ed.
260 ## - PUBLICATION, DISTRIBUTION, ETC. (IMPRINT)
Place of publication, distribution, etc New York, NY :
Name of publisher, distributor, etc scholastic
Date of publication, distribution, etc 2004.
300 ## - PHYSICAL DESCRIPTION
Extent 394 p. :
Dimensions 24 cm.
490 1# - SERIES STATEMENT
Series statement Arthur trilogy ;
Volume number/sequential designation bk. 2
521 ## - TARGET AUDIENCE NOTE
Target audience note
526 ## - STUDY PROGRAM INFORMATION NOTE
Reading level 650
600 00 - SUBJECT ADDED ENTRY--PERSONAL NAME
Personal name Arthur, King
Form subdivision Juvenile fiction.
9 (RLIN) 23593
600 01 - SUBJECT ADDED ENTRY--PERSONAL NAME
Personal name Arthur, King
Form subdivision Fiction.
9 (RLIN) 23594
650 #1 - SUBJECT ADDED ENTRY--TOPICAL TERM
Topical term or geographic name as entry element Identity
Form subdivision Fiction.
9 (RLIN) 23595
650 #1 - SUBJECT ADDED ENTRY--TOPICAL TERM
Topical term or geographic name as entry element Magic
Form subdivision Fiction.
9 (RLIN) 23596
650 #1 - SUBJECT ADDED ENTRY--TOPICAL TERM
Topical term or geographic name as entry element Middle Ages
Form subdivision Fiction.
9 (RLIN) 23597
651 #1 - SUBJECT ADDED ENTRY--GEOGRAPHIC NAME
Geographic name Great Britain
General subdivision History
Chronological subdivision Richard I, 1189-1199
Form subdivision Fiction.
9 (RLIN) 23598
651 #1 - SUBJECT ADDED ENTRY--GEOGRAPHIC NAME
Geographic name Great Britain
General subdivision History
Chronological subdivision John, 1199-1216
Form subdivision Fiction.
9 (RLIN) 23599
800 1# - SERIES ADDED ENTRY--PERSONAL NAME
Personal name Crossley-Holland, Kevin.
Title of a work Arthur trilogy ;
Volume/sequential designation bk. 2.
9 (RLIN) 23600
856 42 - ELECTRONIC LOCATION AND ACCESS
Materials specified Publisher description
Uniform Resource Identifier <a href="http://www.loc.gov/catdir/description/schol051/2002003264.html">http://www.loc.gov/catdir/description/schol051/2002003264.html</a>
906 ## - LOCAL DATA ELEMENT F, LDF (RLIN)
a 7
b cbc
c orignew
d 1
e ecip
f 20
g y-gencatlg
942 ## - ADDED ENTRY ELEMENTS (KOHA)
Source of classification or shelving scheme Library of Congress Classification
Koha item type
Holdings
Withdrawn status Lost status Source of classification or shelving scheme Damaged status Home library Current library Shelving location Date acquired Total Checkouts Full call number Barcode Date last seen Copy number Price effective from Koha item type
    Library of Congress Classification   Luxembourg Library Luxembourg Library Scholastic Reading Center Section 10/03/2013   PZ 7 .H734 2004 LEX2533 04/18/2017 1 10/03/2013 Books
    Library of Congress Classification   Luxembourg Library Luxembourg Library Scholastic Reading Center Section 10/07/2013   PZ 7 .H734 2004 LEX0098 04/18/2017 2 10/07/2013 Books
    Library of Congress Classification   Luxembourg Library Luxembourg Library Scholastic Reading Center Section 11/13/2013   PZ 7 .H734 2004 LEX2016 04/18/2017 3 11/13/2013 Books

At the crossing-places /

APA

Crossley-Holland K., . (2004). At the crossing-places. New York, NY: scholastic.

Chicago

Crossley-Holland Kevin, . 2004. At the crossing-places. New York, NY: scholastic.

Harvard

Crossley-Holland K., . (2004). At the crossing-places. New York, NY: scholastic.

MLA

Crossley-Holland Kevin, . At the crossing-places. New York, NY: scholastic. 2004.

  • Place hold
  • Print
  • Cite
  • Add to your cart (remove)
  • Save record
    BIBTEX Dublin Core MARCXML MARC (non-Unicode/MARC-8) MARC (Unicode/UTF-8) MARC (Unicode/UTF-8, Standard) MODS (XML) RIS
  • More searches
    Search for this title in:
    Other Libraries (WorldCat) Other Databases (Google Scholar) Online Stores (Bookfinder.com) Open Library (openlibrary.org)

Exporting to Dublin Core...

SOUTHVILLE LIBRARY

Southville International School and Colleges Library

1281 Tropical Ave. Cor. Luxembourg St., BF Homes International, Las Pinas City

Tel. No. 8256374 / 252358 Loc. 117/146

Powered by Koha